Prathmik shiksha ke uddeshyo ke paripresh me addhyapak-shiksha karyakram ka mulyankan (Record no. 1391884)

MARC details
000 -LEADER
fixed length control field 00590nam a2200193Ia 4500
005 - DATE AND TIME OF LATEST TRANSACTION
control field 20250508164910.0
008 - FIXED-LENGTH DATA ELEMENTS--GENERAL INFORMATION
fixed length control field 008 250505s9999 xx 000 0 hin d
037 ## - SOURCE OF ACQUISITION
Stock number Dissertations
040 ## - CATALOGING SOURCE
Original cataloging agency FEDL
Language of cataloging eng
Transcribing agency FEDL
041 ## - LANGUAGE CODE
Language code of text/sound track or separate title hin
Source of code eng
084 ## - COLON CLASSIFICATION NUMBER
Classification number 370.7, TOM/DI
Assigning agency FEDL
100 ## - MAIN ENTRY--PERSONAL NAME
Personal name Tomar Sandeep Kumar
9 (RLIN) 779234
245 #0 - TITLE STATEMENT
Title Prathmik shiksha ke uddeshyo ke paripresh me addhyapak-shiksha karyakram ka mulyankan
260 ## - PUBLICATION, DISTRIBUTION, ETC.
Date of publication, distribution, etc. 2001
300 ## - PHYSICAL DESCRIPTION
Extent 90p.
546 ## - LANGUAGE NOTE
Language note M. Ed. Dissertation (Delhi University)
942 ## - ADDED ENTRY ELEMENTS (KOHA)
Koha item type Dissertations
Classification part 370.7, TOM/DI
Holdings
Withdrawn status Lost status Damaged status Not for loan Home library Current library Date acquired Total Checkouts Full call number Barcode Date last seen Price effective from Koha item type
        Department of Education Library Department of Education Library 2025-05-08   370.7, TOM/DI EL0085514 2025-05-08 2025-05-08 Dissertations
Copyright @ Delhi University Library System